00636nai a2200157Ia 4500003000900000008004100009022002300050040001600073245005800089260008600147310001300233362002400246521006900270650004600339856009300385IN-BaIIA211028c9999 xx s 000 0 eng d a2644-1225 (Online) cIIA Library 0aIEEE Open Journal of Circuits and Systemsh[eJournal] aNew York, USAbThe Institute of Electrical and Electronics Engineers, Inc. (IEEE) aAnnually a1(); 2020 - Present bSubscribed through National Knowledge Resource Consortium (NKRC) aComponents, Circuits, Devices and Systems uhttps://ieeexplore.ieee.org/servlet/opac?punumber=8784029yClick Here to Access eJournal